[Event "Johor op 5th"]
[Site "Johor"]
[Date "2018.12.10"]
[Round "1"]
[White "Molofej, Denis"]
[Black "Foo, Jiu Yarng Clarance"]
[Result "1/2-1/2"]
[WhiteElo "2072"]
[BlackElo "1580"]
[PlyCount "88"]
[EventDate "2018.12.10"]
[EventType "swiss"]
[EventRounds "9"]
[EventCountry "MAS"]
[SourceTitle "CBM 187 Extra"]
[Source "ChessBase"]
[SourceDate "2018.11.04"]
[SourceVersion "1"]
[SourceVersionDate "2018.11.04"]
[SourceQuality "1"]

1. e4 c5 2. c3 d5 3. exd5 Qxd5 4. d4 Nf6 5. dxc5 Qxd1+ 6. Kxd1 a5 7. Nf3 e6 8. b4 Bd7 9. a3 Nc6 10. Bb2 Be7 11. Nbd2 0-0 12. Bc4 Ng4 13. Ke2 Nge5 14. Bb3 Nxf3 15. Nxf3 Bf6 16. Rhd1 Rfd8 17. Rd2 axb4 18. cxb4 Bxb2 19. Rxb2 Nxb4 20. Bc4 Nc6 21. Rd1 Be8 22. Bd3 g6 23. Be4 Rxd1 24. Kxd1 Rxa3 25. Rxb7 Ra1+ 26. Rb1 Rxb1+ 27. Bxb1 f6 28. Kd2 Kf7 29. Ke3 Nb4 30. g4 e5 31. g5 Na6 32. Ba2+ Kg7 33. gxf6+ Kxf6 34. Nd2 Nxc5 35. f4 exf4+ 36. Kxf4 g5+ 37. Kg3 h5 38. Bd5 Bd7 39. Ne4+ Nxe4+ 40. Bxe4 h4+ 41. Kf2 Ke5 42. Bg2 Bf5 43. Bf1 g4 44. Bg2 Bd3 1/2-1/2

[Event "Penang op 10th"]
[Site "Penang"]
[Date "2018.12.06"]
[Round "6"]
[White "Molofej, Denis"]
[Black "Ong, Way Justin"]
[Result "1-0"]
[WhiteElo "2072"]
[BlackElo "1884"]
[PlyCount "47"]
[EventDate "2018.12.03"]
[EventType "swiss"]
[EventRounds "9"]
[EventCountry "MAS"]
[SourceTitle "CBM 187 Extra"]
[Source "ChessBase"]
[SourceDate "2018.11.04"]
[SourceVersion "1"]
[SourceVersionDate "2018.11.04"]
[SourceQuality "1"]

1. e4 e6 2. d4 d5 3. e5 c5 4. c3 Nc6 5. Nf3 Nh6 6. a3 Qb6 7. b4 cxd4 8. cxd4 Bd7 9. Nc3 Nf5 10. Na4 Qd8 11. Be3 Nxe3 12. fxe3 f6 13. exf6 Qxf6 14. Bd3 Be7 15. 0-0 Qh6 16. Qe2 0-0 17. b5 Na5 18. Ne5 Be8 19. Nc5 b6 20. Ng4 Qh4 21. g3 Qh3 22. Nxe6 Rxf1+ 23. Rxf1 Bh5 24. Bf5 1-0

[Event "Penang op 10th"]
[Site "Penang"]
[Date "2018.12.05"]
[Round "4"]
[White "Molofej, Denis"]
[Black "Ang, Jing Xuan"]
[Result "1-0"]
[WhiteElo "2072"]
[BlackElo "1731"]
[PlyCount "77"]
[EventDate "2018.12.03"]
[EventType "swiss"]
[EventRounds "9"]
[EventCountry "MAS"]
[SourceTitle "CBM 187 Extra"]
[Source "ChessBase"]
[SourceDate "2018.11.04"]
[SourceVersion "1"]
[SourceVersionDate "2018.11.04"]
[SourceQuality "1"]

1. e4 c5 2. c3 Nf6 3. e5 Nd5 4. Nf3 d6 5. Bc4 Nb6 6. Bb3 e6 7. 0-0 Nc6 8. exd6 Bxd6 9. d4 0-0 10. Bg5 Be7 11. dxc5 Nd7 12. Be3 Nxc5 13. Bc2 Qxd1 14. Rxd1 a5 15. Nbd2 e5 16. Ne4 Nxe4 17. Bxe4 Bg4 18. h3 Bxf3 19. Bxf3 Rfd8 20. Bb6 Rxd1+ 21. Rxd1 Bd8 22. Bc5 Rc8 23. Bg4 Rb8 24. Rd7 b5 25. Bf3 e4 26. Bd6 Rc8 27. Bxe4 Bf6 28. f4 b4 29. Rc7 Ne7 30. cxb4 Rxc7 31. Bxc7 axb4 32. b3 g6 33. Bd6 Bd4+ 34. Kf1 f5 35. Bxe7 fxe4 36. Bxb4 Kf7 37. Ke2 Ke6 38. g4 h5 39. a4 1-0

[Event "Hanoi HD Bank op-B 8th"]
[Site "Hanoi"]
[Date "2018.03.12"]
[Round "5"]
[White "Doan, Thi Hong Nhung"]
[Black "Molofej, Denis"]
[Result "0-1"]
[WhiteElo "1945"]
[BlackElo "2098"]
[PlyCount "58"]
[EventDate "2018.03.10"]
[EventType "swiss"]
[EventRounds "9"]
[EventCountry "VIE"]
[SourceTitle "CBM 183 Extra"]
[Source "ChessBase"]
[SourceDate "2018.04.19"]
[SourceVersion "1"]
[SourceVersionDate "2018.04.19"]
[SourceQuality "1"]

1. d4 d5 2. c4 dxc4 3. Nf3 Nf6 4. e3 Bg4 5. Bxc4 e6 6. 0-0 a6 7. Nc3 Nc6 8. h3 Bh5 9. b3 Bd6 10. Bb2 0-0 11. Rc1 Qe7 12. Be2 Rad8 13. Nd2 Bxe2 14. Qxe2 Nd5 15. Nc4 Bb4 16. Nb1 f5 17. a3 Bd6 18. Nbd2 Kh8 19. b4 Rf6 20. Rc2 Rdf8 21. Nxd6 cxd6 22. b5 axb5 23. Qxb5 g5 24. Rfc1 Rg6 25. g3 Rh6 26. Kg2 g4 27. hxg4 fxg4 28. e4 Qf7 29. Qe2 Qh5 0-1

[Event "Hanoi HD Bank op-B 8th"]
[Site "Hanoi"]
[Date "2018.03.11"]
[Round "3"]
[White "Nguyen, Truong Bao Tran"]
[Black "Molofej, Denis"]
[Result "1/2-1/2"]
[WhiteElo "1871"]
[BlackElo "2098"]
[PlyCount "76"]
[EventDate "2018.03.10"]
[EventType "swiss"]
[EventRounds "9"]
[EventCountry "VIE"]
[SourceTitle "CBM 183 Extra"]
[Source "ChessBase"]
[SourceDate "2018.04.19"]
[SourceVersion "1"]
[SourceVersionDate "2018.04.19"]
[SourceQuality "1"]

1. d4 d5 2. c4 dxc4 3. e3 e5 4. Bxc4 exd4 5. exd4 Bd6 6. Qf3 Nf6 7. Ne2 Nc6 8. Bg5 Nxd4 9. Nxd4 Bb4+ 10. Nd2 Qxd4 11. 0-0 0-0 12. Be3 Qg4 13. h3 Qxf3 14. Nxf3 Re8 15. Ng5 Be6 16. Nxe6 fxe6 17. Rfd1 c6 18. a3 Bf8 19. Bd4 Nd5 20. b4 a6 21. Re1 g6 22. Rab1 Bg7 23. Be3 Kf7 24. Bb3 Rad8 25. Bc5 Bf8 26. Be3 Rd7 27. Rbd1 Red8 28. Bc1 Bg7 29. Rd3 Re8 30. Rf3+ Kg8 31. Bd2 Rf7 32. Rd3 Kf8 33. a4 Rd7 34. b5 axb5 35. axb5 cxb5 36. Rf3+ Kg8 37. Rd3 Kf7 38. Rf3+ Kg8 1/2-1/2

[Event "Hong Kong Jolimark op"]
[Site "Hong Kong"]
[Date "2016.12.28"]
[Round "5"]
[White "Molofej, Denis"]
[Black "Villanueva, Nelson"]
[Result "1-0"]
[WhiteElo "2089"]
[BlackElo "2133"]
[PlyCount "110"]
[EventDate "2016.12.26"]
[EventType "swiss"]
[EventRounds "9"]
[EventCountry "HKG"]
[SourceTitle "CBM 176 Extra"]
[Source "ChessBase"]
[SourceDate "2017.03.02"]
[SourceVersion "1"]
[SourceVersionDate "2017.03.02"]
[SourceQuality "1"]

1. e4 c6 2. Nc3 d5 3. Nf3 dxe4 4. Nxe4 Nf6 5. Nxf6+ exf6 6. d4 Bd6 7. Be2 0-0 8. 0-0 Re8 9. Be3 Nd7 10. Re1 Nf8 11. Qd2 Qc7 12. c4 Ng6 13. c5 Bf4 14. Bd3 Bxe3 15. Rxe3 Be6 16. Bxg6 hxg6 17. Rae1 Red8 18. Qc3 g5 19. Rd1 Bg4 20. Rde1 Be6 21. Rd1 Qf4 22. Ne1 Rd7 23. a3 Rad8 24. Nc2 g4 25. Re2 Bf5 26. g3 Qf3 27. Red2 Bxc2 28. Qxc2 Re7 29. Qd3 Qd5 30. Re2 Re6 31. Rde1 Rxe2 32. Rxe2 g6 33. Qe4 Qc4 34. Qxg4 Rxd4 35. Qc8+ Kg7 36. Re1 Qb5 37. b4 Rd3 38. Kg2 Qc4 39. Re8 Qd5+ 40. Kh3 Qh5+ 41. Kg2 Qf3+ 42. Kh3 f5 43. Qc7 Qg4+ 44. Kg2 Qf3+ 45. Kh3 Qd5 46. Re5 Qc4 47. Re7 Qd5 48. Re5 Qc4 49. Re7 Qg4+ 50. Kg2 Qf3+ 51. Kh3 Qd5 52. Re5 Qd4 53. Re7 Qf6 54. f4 Rxa3 55. Qxb7 Rb3 1-0

[Event "Sunningdale e2e4 op 05"]
[Site "Ascot"]
[Date "2014.05.26"]
[Round "7"]
[White "Sarakauskas, Gediminas"]
[Black "Molofej, Denis"]
[Result "1-0"]
[WhiteElo "2402"]
[BlackElo "2062"]
[PlyCount "89"]
[EventDate "2014.05.23"]
[EventType "swiss"]
[EventRounds "7"]
[EventCountry "ENG"]
[SourceTitle "CBM 160 Extra"]
[Source "ChessBase"]
[SourceDate "2014.07.01"]
[SourceVersion "1"]
[SourceVersionDate "2014.07.01"]
[SourceQuality "1"]

1. Nf3 d5 2. c4 c6 3. e3 Nf6 4. Nc3 g6 5. d4 Bg7 6. Bd3 0-0 7. 0-0 dxc4 8. Bxc4 Bg4 9. h3 Bxf3 10. Qxf3 Nbd7 11. e4 e5 12. d5 cxd5 13. Nxd5 Nb6 14. Nxb6 Qxb6 15. b3 Qc6 16. Re1 b5 17. Bf1 Rfe8 18. Bg5 a6 19. Rac1 Qe6 20. a4 bxa4 21. Bc4 Qc6 22. bxa4 h6 23. Be3 Qxa4 24. Bxh6 Rec8 25. Bxg7 Kxg7 26. Qb3 Qxb3 27. Bxb3 Rxc1 28. Rxc1 Rb8 29. Bc4 Rc8 30. f3 a5 31. Rc2 g5 32. Kf2 Nd7 33. Ke3 Nb6 34. Bb3 Rxc2 35. Bxc2 f6 36. Bb3 Kh6 37. g3 Kg7 38. f4 Kg6 39. Kf3 Nc8 40. Bd5 gxf4 41. gxf4 Kh5 42. Kg3 exf4+ 43. Kxf4 Nd6 44. Kf3 Kh4 45. Be6 1-0

[Event "Sunningdale e2e4 op 05"]
[Site "Ascot"]
[Date "2014.05.25"]
[Round "5"]
[White "Lock, Gavin R"]
[Black "Molofej, Denis"]
[Result "1/2-1/2"]
[WhiteElo "2177"]
[BlackElo "2062"]
[PlyCount "48"]
[EventDate "2014.05.23"]
[EventType "swiss"]
[EventRounds "7"]
[EventCountry "ENG"]
[SourceTitle "CBM 160 Extra"]
[Source "ChessBase"]
[SourceDate "2014.07.01"]
[SourceVersion "1"]
[SourceVersionDate "2014.07.01"]
[SourceQuality "1"]

1. d4 d5 2. Nf3 c6 3. c4 Nf6 4. Nc3 g6 5. cxd5 cxd5 6. Bf4 Nc6 7. e3 a6 8. Bd3 e6 9. h3 Bd6 10. Bh6 Bf8 11. Bxf8 Kxf8 12. 0-0 b5 13. e4 dxe4 14. Nxe4 Kg7 15. Nxf6 Qxf6 16. Be4 Bb7 17. Rc1 Rac8 18. Qd2 Rhd8 19. Qe3 Qe7 20. Rfe1 Na5 21. Bxb7 Qxb7 22. Ne5 Nc4 23. Qf4 Nxe5 24. dxe5 Qe7 1/2-1/2

[Event "Sunningdale e2e4 op 05"]
[Site "Ascot"]
[Date "2014.05.24"]
[Round "2"]
[White "Nettleton, Charlie"]
[Black "Molofej, Denis"]
[Result "1/2-1/2"]
[WhiteElo "1890"]
[BlackElo "2062"]
[PlyCount "110"]
[EventDate "2014.05.23"]
[EventType "swiss"]
[EventRounds "7"]
[EventCountry "ENG"]
[SourceTitle "CBM 160 Extra"]
[Source "ChessBase"]
[SourceDate "2014.07.01"]
[SourceVersion "1"]
[SourceVersionDate "2014.07.01"]
[SourceQuality "1"]

1. d4 d5 2. c4 c6 3. Nc3 Nf6 4. Bf4 g6 5. e3 Bg7 6. Nf3 0-0 7. h3 c5 8. Be2 cxd4 9. Nxd4 Nc6 10. Nxc6 bxc6 11. 0-0 Be6 12. Rc1 dxc4 13. Na4 Nd5 14. Bxc4 Nxf4 15. exf4 Bd5 16. Qe2 Qd6 17. Nc3 e6 18. g3 Rab8 19. b3 h5 20. h4 Rfe8 21. Ne4 Qe7 22. Ng5 Rbc8 23. Rfe1 Bf6 24. Nf3 Kg7 25. Qe3 c5 26. Ne5 Red8 27. Rc2 Qb7 28. Kh2 Rc7 29. Rec1 Be4 30. Rd2 Rxd2 31. Qxd2 Bxe5 32. fxe5 Rd7 33. Qg5 Bf5 34. Qe3 Rd4 35. Bf1 Qb4 36. Rc4 Qd2 37. Rxd4 Qxd4 38. Kg1 Qxe3 39. fxe3 f6 40. Kf2 fxe5 41. Ke2 Kf6 42. Kd2 Ke7 43. Kc3 Kd6 44. Bg2 e4 45. Kc4 Kc6 46. a4 a5 47. Bh1 e5 48. Bg2 Be6+ 49. Kc3 Kd5 50. Bf1 Kd6 51. Bg2 Bd5 52. Bh1 Ke6 53. Bg2 Kd6 54. Bh1 Kc6 55. Bg2 Kd6 1/2-1/2

[Event "BCF-chT3N 1314 (4NCL)"]
[Site "England"]
[Date "2014.02.08"]
[Round "5.55"]
[White "Lund, D Brett"]
[Black "Molofej, Denis"]
[Result "1-0"]
[WhiteElo "2250"]
[BlackElo "2055"]
[PlyCount "69"]
[EventDate "2013.11.16"]
[EventType "team-swiss"]
[EventRounds "6"]
[EventCountry "ENG"]
[SourceTitle "EXT 2015"]
[Source "ChessBase"]
[SourceDate "2014.11.20"]
[SourceVersion "1"]
[SourceVersionDate "2014.11.20"]
[SourceQuality "1"]
[WhiteTeam "Spirit of Atticus"]
[BlackTeam "Bradford DCA Knights II"]
[WhiteTeamCountry "ENG"]
[BlackTeamCountry "ENG"]

1. c4 e5 2. g3 Nf6 3. Bg2 d5 4. cxd5 Nxd5 5. Nf3 Nc6 6. 0-0 Be7 7. d4 exd4 8. Nxd4 Nxd4 9. Qxd4 Nf6 10. Qa4+ c6 11. Nc3 Be6 12. e4 0-0 13. h3 Bc5 14. Qc2 Qc8 15. Kh2 h6 16. b3 Rd8 17. Bb2 Bd4 18. f4 Qb8 19. Rae1 g6 20. Ne2 Bxb2 21. Qxb2 Nh5 22. f5 Bd7 23. fxg6 fxg6 24. Qc1 Qe5 25. Qxh6 Qg7 26. Qg5 Rf8 27. g4 Nf6 28. Nf4 Kh7 29. e5 Ng8 30. e6 Be8 31. e7 Rf6 32. Ne6 Rxf1 33. Nxg7 Rxe1 34. Nxe8 Rxe8 35. Qh4+ 1-0

[Event "BCF-chT2b 1314 (4NCL)"]
[Site "England"]
[Date "2013.11.16"]
[Round "1.56"]
[White "James, David J"]
[Black "Molofej, Denis"]
[Result "1/2-1/2"]
[WhiteElo "2168"]
[BlackElo "2050"]
[PlyCount "79"]
[EventDate "2013.11.16"]
[EventType "team-swiss"]
[EventRounds "11"]
[EventCountry "ENG"]
[SourceTitle "CBM 157 Extra"]
[Source "ChessBase"]
[SourceDate "2013.12.19"]
[SourceVersion "1"]
[SourceVersionDate "2013.12.19"]
[SourceQuality "1"]
[WhiteTeam "South Wales Dragons"]
[BlackTeam "Bradford DCA Knights"]
[WhiteTeamCountry "ENG"]
[BlackTeamCountry "ENG"]

1. d4 Nf6 2. Nf3 g6 3. g3 d5 4. Bg2 Bg7 5. 0-0 0-0 6. c4 c6 7. b3 Bf5 8. Bb2 Nbd7 9. Nbd2 Ne4 10. Nh4 Nxd2 11. Qxd2 Be6 12. e4 dxe4 13. Bxe4 Bh3 14. Rfe1 Re8 15. Bh1 Qc7 16. Nf3 Rad8 17. Qe2 Bg4 18. Qe4 Bf5 19. Qe3 c5 20. Bc3 Bg4 21. d5 Bxc3 22. Qxc3 Bxf3 23. Bxf3 Nb6 24. h4 h6 25. h5 g5 26. Bd1 Nd7 27. Bc2 Nf6 28. Qf3 Kg7 29. Re2 e6 30. dxe6 Rxe6 31. Rxe6 fxe6 32. Re1 Rd6 33. Rd1 Qc6 34. Qe2 Rxd1+ 35. Qxd1 Qd7 36. Qf3 Qc6 37. Qd3 Qe8 38. Qf3 Qc6 39. Qd3 Qe8 40. Qf3 1/2-1/2

[Event "Sunningdale e2e4 op 07"]
[Site "Ascot"]
[Date "2013.07.07"]
[Round "5"]
[White "Bennett, Dominic"]
[Black "Molofej, Denis"]
[Result "1/2-1/2"]
[WhiteElo "1962"]
[BlackElo "2061"]
[PlyCount "28"]
[EventDate "2013.07.05"]
[EventType "swiss"]
[EventRounds "5"]
[EventCountry "ENG"]
[SourceTitle "CBM 155 Extra"]
[Source "ChessBase"]
[SourceDate "2013.08.26"]
[SourceVersion "1"]
[SourceVersionDate "2013.08.26"]
[SourceQuality "1"]

1. e4 c5 2. Nc3 Nc6 3. g3 g6 4. Bg2 Bg7 5. d3 d6 6. f4 e5 7. Nf3 Nge7 8. Be3 exf4 9. Bxf4 0-0 10. 0-0 Nd4 11. Qd2 Nxf3+ 12. Rxf3 Bg4 13. Rff1 Qd7 14. Bh6 Bh3 1/2-1/2

[Event "Sunningdale e2e4 op 07"]
[Site "Ascot"]
[Date "2013.07.05"]
[Round "1"]
[White "Lentzos, Ioanis"]
[Black "Molofej, Denis"]
[Result "0-1"]
[WhiteElo "1745"]
[BlackElo "2061"]
[PlyCount "74"]
[EventDate "2013.07.05"]
[EventType "swiss"]
[EventRounds "5"]
[EventCountry "ENG"]
[SourceTitle "CBM 155 Extra"]
[Source "ChessBase"]
[SourceDate "2013.08.26"]
[SourceVersion "1"]
[SourceVersionDate "2013.08.26"]
[SourceQuality "1"]

1. e4 c5 2. Nf3 d6 3. Bb5+ Nd7 4. d4 a6 5. Bxd7+ Bxd7 6. 0-0 Qc7 7. c4 cxd4 8. Qxd4 e5 9. Qd3 b5 10. Na3 Qb7 11. b3 Nf6 12. Nd2 Be7 13. Nc2 Bc6 14. f3 0-0 15. Ba3 Rad8 16. Nb4 Qb6+ 17. Kh1 Bb7 18. Nd5 Nxd5 19. cxd5 Rc8 20. b4 Bg5 21. Nb3 Rc4 22. g3 Rfc8 23. f4 exf4 24. gxf4 Rc3 25. Qd2 Bf6 26. Rac1 R8c4 27. Rxc3 Bxc3 28. Qg2 Bxb4 29. Bb2 Bc3 30. Bxc3 Rxc3 31. Rg1 g6 32. f5 Qe3 33. f6 Bc8 34. Nd2 Rc2 35. Nf1 Qd3 36. Ng3 Rxg2 37. Rxg2 Qd1+ 0-1

[Event "Vilnius Panorama op"]
[Site "Vilnius"]
[Date "2011.05.13"]
[Round "3"]
[White "Molofej, Denis"]
[Black "Labeckas, Kestutis"]
[Result "0-1"]
[WhiteElo "2043"]
[BlackElo "2405"]
[PlyCount "216"]
[EventDate "2011.05.13"]
[EventType "swiss"]
[EventRounds "5"]
[EventCountry "LTU"]
[SourceTitle "EXT 2014"]
[Source "ChessBase"]
[SourceDate "2013.11.20"]
[SourceVersion "1"]
[SourceVersionDate "2013.11.20"]
[SourceQuality "1"]

1. e4 e6 2. d4 b6 3. Nf3 Bb7 4. Bd3 c5 5. c3 cxd4 6. cxd4 Nf6 7. Nc3 Bb4 8. Qe2 d5 9. e5 Ne4 10. Bd2 Nxd2 11. Qxd2 Ba6 12. Bxa6 Nxa6 13. Rc1 Nc7 14. a3 Be7 15. Qd3 Qd7 16. a4 a6 17. 0-0 0-0 18. Rc2 b5 19. Rfc1 Ra7 20. b3 Rb8 21. Nd2 Rab7 22. Ra1 Bg5 23. axb5 axb5 24. Rca2 Be7 25. Ra7 Qc6 26. Rxb7 Qxb7 27. Ne2 b4 28. Qc2 Nb5 29. Rc1 Ra8 30. h3 g6 31. Nf3 Qa6 32. Kh2 Kg7 33. Kg1 Qb7 34. Ne1 Qb6 35. Qd2 Ra3 36. Rb1 Qa5 37. Nc2 Ra2 38. Qd3 Na3 39. Rc1 Qb5 40. Qd1 Rb2 41. Kh2 Rxb3 42. Ne1 Rb2 43. Nd3 Ra2 44. Rc7 Bd8 45. Rc8 Bb6 46. Nec1 Qd7 47. Rb8 Qc7 48. Re8 Qd7 49. Rb8 Bc7 50. Rxb4 Ra1 51. Qf3 Nc2 52. Nb3 Nxb4 53. Nxa1 Nc6 54. Nb3 Qe7 55. g3 Bb6 56. Qf4 Qa3 57. Ndc5 Bd8 58. Qe3 Qb2 59. Kg2 Be7 60. Na4 Qc2 61. Qc3 Qe4+ 62. Kh2 Qe2 63. Kg2 Bb4 64. Qe3 Qc2 65. Nac5 Qc4 66. Qf3 Bxc5 67. Nxc5 Qxd4 68. Qf6+ Kg8 69. Nxe6 Qe4+ 70. f3 Qe2+ 71. Kg1 Qxe5 72. Qxe5 Nxe5 73. Nf4 d4 74. Kf2 Kf8 75. Ke2 Ke7 76. Nd3 Kd6 77. Nf2 f5 78. f4 Nd7 79. Nd3 Kd5 80. g4 Ke4 81. gxf5 gxf5 82. Kd2 h5 83. h4 Nf8 84. Nc5+ Kxf4 85. Kd3 Ke5 86. Nb3 Ne6 87. Nd2 Kf4 88. Nb3 Kg3 89. Kc4 Kxh4 90. Kd5 Nf4+ 91. Ke5 Ne2 92. Kxf5 Kg3 93. Ke4 h4 94. Nd2 h3 95. Kd3 Kf2 96. Ne4+ Kf1 97. Nd2+ Kg2 98. Kxe2 h2 99. Nb3 h1Q 100. Nxd4 Qh3 101. Nc2 Qf3+ 102. Kd2 Kf2 103. Kc1 Qc3 104. Kd1 Kf1 105. Kc1 Ke2 106. Kb1 Kd2 107. Na1 Qc1+ 108. Ka2 Kc3 0-1

[Event "BCF-chT2 1011 (4NCL) North"]
[Site "England"]
[Date "2011.02.20"]
[Round "6"]
[White "Molofej, Denis"]
[Black "Armstrong, Malcolm J"]
[Result "1/2-1/2"]
[WhiteElo "2043"]
[BlackElo "1957"]
[PlyCount "45"]
[EventDate "2010.11.06"]
[EventType "team-swiss"]
[EventRounds "9"]
[EventCountry "ENG"]
[SourceTitle "EXT 2012"]
[Source "ChessBase"]
[SourceDate "2011.11.24"]
[SourceVersion "1"]
[SourceVersionDate "2011.11.24"]
[SourceQuality "1"]

1. e4 c6 2. d4 d5 3. Nc3 dxe4 4. Nxe4 Bf5 5. Ng3 Bg6 6. h4 h6 7. Nh3 e6 8. Nf4 Bh7 9. Bc4 Nf6 10. c3 Bd6 11. Ngh5 Nxh5 12. Nxh5 Rg8 13. Qf3 Nd7 14. Bf4 Bxf4 15. Qxf4 Nf6 16. Nxf6+ Qxf6 17. Qxf6 gxf6 18. 0-0 Ke7 19. Be2 Rad8 20. Bf3 Bf5 21. g3 Bh3 22. Rfe1 f5 23. Kh2 1/2-1/2

[Event "BCF-chT2 1011 (4NCL) North"]
[Site "England"]
[Date "2011.01.16"]
[Round "4"]
[White "Clark, Robert G"]
[Black "Molofej, Denis"]
[Result "0-1"]
[WhiteElo "2027"]
[BlackElo "2057"]
[PlyCount "116"]
[EventDate "2010.11.06"]
[EventType "team-swiss"]
[EventRounds "9"]
[EventCountry "ENG"]
[SourceTitle "EXT 2012"]
[Source "ChessBase"]
[SourceDate "2011.11.24"]
[SourceVersion "1"]
[SourceVersionDate "2011.11.24"]
[SourceQuality "1"]

1. e4 c5 2. Nf3 d6 3. Bb5+ Nd7 4. c3 a6 5. Ba4 Ngf6 6. Qe2 g6 7. 0-0 Bg7 8. d4 0-0 9. e5 dxe5 10. dxe5 Nd5 11. e6 N7b6 12. exf7+ Rxf7 13. Bb3 c4 14. Bxc4 Nxc4 15. Qxc4 b5 16. Qe4 Bf5 17. Qh4 Bf6 18. Bg5 Qb6 19. Rd1 e6 20. Nd4 Bg7 21. Nd2 e5 22. Nxf5 Rxf5 23. Nf3 Nf4 24. Bd8 Qc6 25. Ba5 Nxg2 26. Kxg2 Qxf3+ 27. Kf1 Raf8 28. Bb6 Rf4 29. Qg3 Qe4 30. Qd3 Qh1+ 31. Ke2 Qxh2 32. Qd5+ R4f7 33. Rh1 Qf4 34. Rag1 Rb8 35. Bc5 Qc4+ 36. Qxc4 bxc4 37. Ba3 Bf8 38. Bxf8 Rxb2+ 39. Ke3 Rxf8 40. Ke4 Rxa2 41. Kxe5 Rfxf2 42. Rg4 Rf5+ 43. Kd6 Ra4 44. Rb1 Kg7 45. Rh4 h5 46. Ke6 Rf6+ 47. Ke7 Rf3 48. Ke6 Rxc3 49. Rb7+ Kh6 50. Rf4 Kg5 51. Rf1 Raa3 52. Ke5 Rf3 53. Rg1+ Rg3 54. Rc1 Rae3+ 55. Kd4 c3 56. Rc7 Ref3 57. Rc6 Rf6 58. Rc5+ Rf5 0-1

[Event "Runcorn op"]
[Site "Runcorn"]
[Date "2010.09.24"]
[Round "1"]
[White "Molofej, Denis"]
[Black "Psaila, Clarence"]
[Result "1-0"]
[WhiteElo "2057"]
[BlackElo "1861"]
[PlyCount "81"]
[EventDate "2010.09.24"]
[EventType "swiss"]
[EventRounds "5"]
[EventCountry "ENG"]
[SourceTitle "CBM 138 Extra"]
[Source "ChessBase"]
[SourceDate "2010.10.29"]
[SourceVersion "1"]
[SourceVersionDate "2010.10.29"]
[SourceQuality "1"]

1. e4 c5 2. c3 d5 3. exd5 Qxd5 4. d4 Nc6 5. Nf3 Bg4 6. dxc5 Qxd1+ 7. Kxd1 e6 8. Be3 Nf6 9. b4 0-0-0+ 10. Nbd2 Nd5 11. Kc2 Bf5+ 12. Kb3 Nxe3 13. fxe3 Be7 14. Be2 Bd3 15. Rae1 Rd7 16. Bxd3 Rxd3 17. Kc2 Rd7 18. Nc4 f6 19. Nd4 e5 20. Nxc6 bxc6 21. e4 Rhd8 22. Rd1 Bf8 23. Rxd7 Rxd7 24. Rd1 g6 25. Rxd7 Kxd7 26. g4 Bh6 27. Kd3 Bf4 28. h3 Bg3 29. a4 Bf2 30. Ke2 Bg1 31. Nd2 Bh2 32. Nf3 Bg3 33. c4 Kc7 34. b5 Bf4 35. Ne1 Bh6 36. Nd3 Bf8 37. Nb4 cxb5 38. Na6+ Kd7 39. cxb5 Be7 40. Kd3 Ke6 41. b6 1-0

[Event "Leyland op"]
[Site "Leyland"]
[Date "2010.08.30"]
[Round "6"]
[White "Rabbitte, Dominic M"]
[Black "Molofej, Denis"]
[Result "1-0"]
[WhiteElo "1963"]
[BlackElo "2032"]
[PlyCount "51"]
[EventDate "2010.08.28"]
[EventType "swiss"]
[EventRounds "6"]
[EventCountry "ENG"]
[SourceTitle "CBM 138 Extra"]
[Source "ChessBase"]
[SourceDate "2010.10.29"]
[SourceVersion "1"]
[SourceVersionDate "2010.10.29"]
[SourceQuality "1"]

1. e4 c5 2. Nc3 d6 3. f4 g6 4. Nf3 Bg7 5. Bc4 e6 6. 0-0 Ne7 7. Qe1 0-0 8. d3 d5 9. Bb3 Nbc6 10. f5 dxe4 11. dxe4 exf5 12. Qh4 h6 13. Bxh6 c4 14. Bxc4 Ne5 15. Nxe5 Qd4+ 16. Kh1 Qxe5 17. Bg5 Nc6 18. Nd5 fxe4 19. Nf6+ Bxf6 20. Bxf6 Qh5 21. Qxh5 gxh5 22. Rae1 Be6 23. Bxe6 fxe6 24. Rxe4 Rae8 25. Rh4 Rd8 26. h3 1-0

[Event "Krakow-ch Seniors/Juniors"]
[Site "Krakow"]
[Date "2010.04.25"]
[Round "4"]
[White "Wcislo, Damian"]
[Black "Molofej, Denis"]
[Result "1-0"]
[WhiteElo "2256"]
[BlackElo "2032"]
[PlyCount "105"]
[EventDate "2010.04.25"]
[EventType "swiss"]
[EventRounds "9"]
[EventCountry "POL"]
[SourceTitle "EXT 2023"]
[Source "ChessBase"]
[SourceDate "2022.10.05"]
[SourceVersion "1"]
[SourceVersionDate "2022.10.05"]
[SourceQuality "1"]

1. d4 Nf6 2. c4 g6 3. Nf3 Bg7 4. g3 d5 5. Bg2 c6 6. 0-0 Qb6 7. c5 Qd8 8. Nc3 0-0 9. Bf4 Nbd7 10. Re1 Nh5 11. Be3 e5 12. dxe5 Nxe5 13. Bd4 Nxf3+ 14. Bxf3 Nf6 15. Qa4 Bf5 16. Rad1 Qc7 17. e4 dxe4 18. Nxe4 Bxe4 19. Bxe4 Nxe4 20. Rxe4 Bxd4 21. Rexd4 Rfd8 22. Rd6 Rxd6 23. cxd6 Qd7 24. Qd4 Qe6 25. Qh4 f6 26. Qb4 Qd7 27. Qd4 Qe6 28. h4 b6 29. b4 Rd8 30. a4 Kf7 31. a5 Qd5 32. Qa1 Qe5 33. Qa2+ Qe6 34. Qd2 Rd7 35. axb6 axb6 36. h5 Kg7 37. hxg6 hxg6 38. Qd4 Qd5 39. Qg4 Qf5 40. Qc4 Qb5 41. Qe6 Qf5 42. Qe8 Qg4 43. Re1 Rf7 44. Qxc6 Qxb4 45. Re4 Qc5 46. Rc4 Qa5 47. Kg2 Qd2 48. Re4 Kh6 49. Re7 Rf8 50. d7 Rd8 51. Qe6 Kg5 52. Rh7 b5 53. Kh3 1-0